| 000 | 00536cam a22001577a 4500 | ||
|---|---|---|---|
| 008 | 180718b1995 xxu||||| |||| 00| 0 eng d | ||
| 020 | _a0335194206 | ||
| 082 | _aP5x42 Sch81t | ||
| 245 |
_aChanging university? _cedited by Tom Schuller |
||
| 260 |
_aBuckingham _bSociety for Research into Higher Education _c1995 |
||
| 300 | _a184p. | ||
| 650 | _aEducational change --Great Britain | ||
| 650 | _aEducation, Higher --Aims and objectives --Great Britain | ||
| 650 | _aUniversities and colleges --Great Britain | ||
| 700 | _aSchuller, Tom | ||
| 999 |
_c379422 _d379422 |
||